[Event "3. Lovsprings EMT Mesterklassen 1991"]
[Site "Ringsted"]
[Date "1991.04.05"]
[Round "1"]
[White "Madsen, Morten"]
[Black "Frederiksen, Henrik"]
[Result "0-1"]
[WhiteElo "1850"]
[BlackElo "2117"]
[PlyCount "62"]
[EventDate "1991.??.??"]

1. e4 c5 2. d4 cxd4 3. c3 dxc3 4. Bc4 e6 5. Nxc3 Nc6 6. Nf3 a6 7. O-O Qc7 8.
Be3 Nf6 9. Rc1 Be7 10. h3 b5 11. Bb3 d6 12. a4 Qb7 13. Bf4 b4 14. Ne2 Nxe4 15.
a5 O-O 16. Bc2 Nf6 17. Bg5 Bd7 18. Qd3 g6 19. Bxf6 Bxf6 20. Qxd6 Rfd8 21. Qf4
Bg7 22. Ng5 Be8 23. Be4 Rac8 24. Qh4 h6 25. Bxc6 Bxc6 26. Rxc6 Qxc6 27. Rc1 Qd5
28. Rxc8 Rxc8 29. Nxf7 Kxf7 30. Qxb4 Rc4 31. Qe1 Bxb2 0-1

[Event "3. Lovsprings EMT Mesterklassen 1991"]
[Site "Ringsted"]
[Date "1991.04.05"]
[Round "1"]
[White "Sivertsen, Palle"]
[Black "Frederiksen, Obert"]
[Result "1-0"]
[WhiteElo "2109"]
[BlackElo "1996"]
[PlyCount "69"]
[EventDate "1991.??.??"]

1. e4 c5 2. Nc3 Nc6 3. f4 e6 4. Nf3 d5 5. Bb5 a6 6. Bxc6+ bxc6 7. d3 Ne7 8. O-O
g6 9. Qe1 Bg7 10. Na4 a5 11. Nxc5 Qb6 12. Qf2 d4 13. Na4 Qb4 14. b3 c5 15. Ne5
Bd7 16. Nxd7 Kxd7 17. Bd2 Qb5 18. Nb2 h5 19. a4 Qc6 20. Nc4 Qc7 21. Rae1 Ra6
22. Re2 f6 23. Qe1 Nc6 24. f5 gxf5 25. exf5 e5 26. Re4 Nb4 27. Bxb4 axb4 28.
Rh4 Qb8 29. Qe2 Qe8 30. Rf3 Kc7 31. Rfh3 Qf7 32. Rxh5 Raa8 33. Qg4 Rag8 34. Rh7
Kb8 35. Rxg7 1-0

[Event "3. Lovsprings EMT Mesterklassen 1991"]
[Site "Ringsted"]
[Date "1991.04.05"]
[Round "1"]
[White "Arnkilde, Anders"]
[Black "Elgaard, Brian"]
[Result "1-0"]
[WhiteElo "2026"]
[BlackElo "2051"]
[PlyCount "89"]
[EventDate "1991.??.??"]

1. e4 c5 2. Nf3 d6 3. d3 Nc6 4. g3 g6 5. Bg2 Bg7 6. O-O Nf6 7. c3 Rb8 8. Re1 e5
9. Nbd2 O-O 10. Nc4 b5 11. Ne3 Ng4 12. Nxg4 Bxg4 13. h3 Bd7 14. Bd2 Qc8 15. Kh2
f5 16. Ng5 f4 17. Rg1 h6 18. Nf3 g5 19. Ne1 fxg3+ 20. fxg3 b4 21. Nc2 g4 22. h4
bxc3 23. bxc3 Qa6 24. Bc1 Ne7 25. Rf1 Rxf1 26. Bxf1 Rf8 27. Bg2 h5 28. Bg5 Ng6
29. Qd2 d5 30. exd5 e4 31. Bxe4 Ne5 32. Ne1 Bf5 33. Bxf5 Rxf5 34. Qe2 Qf6 35.
Qe4 Qf8 36. Bf4 Ng6 37. Ng2 Bxc3 38. Rb1 Be5 39. Rb7 Bxf4 40. Qe6+ Kh8 41. Nxf4
Nxf4 42. Qd7 Qh6 43. Qxf5 Ng6 44. Qf6+ Kg8 45. Qf7+ 1-0

[Event "3. Lovsprings EMT Mesterklassen 1991"]
[Site "Ringsted"]
[Date "1991.04.05"]
[Round "1"]
[White "Jorgensen, Brian"]
[Black "Andreasen, Jens"]
[Result "0-1"]
[WhiteElo "2240"]
[BlackElo "2003"]
[PlyCount "56"]
[EventDate "1991.??.??"]

1. c4 f5 2. b4 Nf6 3. Nf3 e6 4. Qb3 Be7 5. g3 O-O 6. Bb2 c6 7. c5 a5 8. a3 axb4
9. axb4 Rxa1 10. Bxa1 b6 11. Be5 Na6 12. d4 d6 13. cxd6 Bxd6 14. Bxd6 Qxd6 15.
b5 cxb5 16. Qxb5 Nb4 17. Bg2 Nc2+ 18. Kf1 Nxd4 19. Qb2 e5 20. Nxd4 exd4 21. Na3
Qc5 22. Bf3 Ne4 23. Kg2 Be6 24. Rd1 Ra8 25. Nb1 d3 26. Bxe4 fxe4 27. exd3 Ra2
28. d4 Qf5 0-1

[Event "3. Lovsprings EMT Mesterklassen 1991"]
[Site "Ringsted"]
[Date "1991.04.05"]
[Round "1"]
[White "Hald, Jens Erik"]
[Black "Nielsen, Max"]
[Result "1/2-1/2"]
[WhiteElo "2140"]
[BlackElo "2009"]
[PlyCount "51"]
[EventDate "1991.??.??"]

1. e4 e5 2. Nc3 Nf6 3. f4 d5 4. fxe5 Nxe4 5. d3 Nxc3 6. bxc3 d4 7. Nf3 Nc6 8.
Be2 h6 9. O-O Bc5 10. Qe1 Be6 11. Kh1 dxc3 12. a4 a5 13. Rb1 Bb4 14. Be3 Qd7
15. Qf2 O-O-O 16. Bc5 g5 17. Rfd1 Rdg8 18. d4 Bd5 19. Bb5 h5 20. Bxb4 axb4 21.
e6 Qxe6 22. Bxc6 Qxc6 23. Ne5 Qe6 24. Re1 h4 25. Nd3 Qd7 26. Nxb4 1/2-1/2

[Event "3. Lovsprings EMT Mesterklassen 1991"]
[Site "Ringsted"]
[Date "1991.04.05"]
[Round "1"]
[White "Christensen, Lars (1957)"]
[Black "Jensen, Leif"]
[Result "1-0"]
[WhiteElo "2084"]
[BlackElo "2073"]
[PlyCount "97"]
[EventDate "1991.??.??"]

1. e4 e6 2. Nf3 d5 3. e5 c5 4. b4 c4 5. a3 b5 6. Nc3 a6 7. d4 Ne7 8. a4 Ng6 9.
Bd2 Bxb4 10. axb5 Bb7 11. Qb1 a5 12. Na4 Bxd2+ 13. Nxd2 O-O 14. Nc5 Qc7 15. Be2
Nd7 16. Nxd7 Qxd7 17. O-O Rfb8 18. f4 Bc8 19. Ra3 Rxb5 20. Qa1 Qa7 21. g4 Qb6
22. Qc3 Rb4 23. Qe3 Ne7 24. Qf2 Nc6 25. c3 Rb2 26. Qe3 Rb8 27. f5 Qd8 28. Bf3
Qh4 29. Bd1 exf5 30. gxf5 Ne7 31. e6 f6 32. Rxa5 Kf8 33. Kh1 Qg5 34. Qxg5 fxg5
35. Nf3 h6 36. Ne5 Rb1 37. Kg1 Rc1 38. Ra7 Rbb1 39. Be2 Rxf1+ 40. Bxf1 Nxf5 41.
Ra8 Nd6 42. Nc6 Rb6 43. Na7 Ra6 44. Bh3 Rxa7 45. Rxa7 Bb7 46. Bg2 Ke8 47. e7
Bc6 48. Ra6 Kd7 49. Bxd5 1-0

[Event "3. Lovsprings EMT Mesterklassen 1991"]
[Site "Ringsted"]
[Date "1991.04.05"]
[Round "1"]
[White "Christensen, John"]
[Black "Bruun, Erling"]
[Result "1-0"]
[WhiteElo "2054"]
[BlackElo "1900"]
[PlyCount "61"]
[EventDate "1991.??.??"]

1. Nf3 d6 2. d4 g6 3. g3 Bg7 4. Bg2 Nf6 5. O-O O-O 6. Nbd2 c5 7. c3 Nc6 8. dxc5
dxc5 9. Qa4 Bd7 10. Qh4 Qc7 11. Nc4 Nh5 12. Ng5 h6 13. Ne4 b6 14. f4 f5 15. Nf2
Rad8 16. Bf3 Nf6 17. Ne5 Kh7 18. Nh3 Nxe5 19. fxe5 Ne4 20. Bxe4 fxe4 21. Rxf8
Rxf8 22. e6 Be8 23. Bf4 Qb7 24. Rd1 Kg8 25. Bxh6 e3 26. Bxe3 Qa6 27. Ng5 Rf5
28. Rd8 Qb5 29. Qh7+ Kf8 30. Qxg6 Re5 31. Qf7# 1-0

[Event "3. Lovsprings EMT Mesterklassen 1991"]
[Site "Ringsted"]
[Date "1991.04.12"]
[Round "2"]
[White "Frederiksen, Henrik"]
[Black "Pedersen, Hans Dahl"]
[Result "1-0"]
[WhiteElo "2117"]
[BlackElo "2180"]
[PlyCount "77"]
[EventDate "1991.??.??"]

1. Nf3 d5 2. g3 Nf6 3. Bg2 c6 4. O-O Bf5 5. d3 Nbd7 6. Nh4 Bg4 7. Qe1 e5 8. Nc3
Be7 9. e4 dxe4 10. dxe4 O-O 11. Nf5 Bb4 12. a3 Ba5 13. Bd2 Bc7 14. Qe3 Nb6 15.
Qg5 Bxf5 16. exf5 h6 17. Qe3 Nc4 18. Qe2 Qxd2 19. Qxc4 Qxc2 20. Qb4 Bb6 21. g4
Bd4 22. Rac1 Qd2 23. h3 a5 24. Qb3 a4 25. Nxa4 h5 26. Rcd1 Qf4 27. g5 Qxg5 28.
Kh1 Qf4 29. Rd3 Qxf5 30. Qd1 Nd5 31. Bxd5 cxd5 32. Nc3 Bxc3 33. Rxc3 d4 34. Rg3
Ra6 35. Qb3 Qe4+ 36. f3 Qe3 37. Qd5 Rb6 38. Rfg1 Kh8 39. Qc5 1-0

[Event "3. Lovsprings EMT Mesterklassen 1991"]
[Site "Ringsted"]
[Date "1991.04.12"]
[Round "2"]
[White "Arnkilde, Anders"]
[Black "Sivertsen, Palle"]
[Result "1/2-1/2"]
[WhiteElo "2026"]
[BlackElo "2109"]
[PlyCount "78"]
[EventDate "1991.??.??"]

1. e4 Nc6 2. Nc3 Nf6 3. Bc4 e6 4. Qf3 Ne5 5. Qe2 Nxc4 6. Qxc4 d5 7. Qe2 dxe4 8.
Nxe4 Be7 9. Nf3 O-O 10. O-O b6 11. d3 Bb7 12. Bd2 Qd5 13. Rfe1 Rad8 14. Bc3
Nxe4 15. Qxe4 Qxe4 16. dxe4 Rd6 17. Be5 Rd7 18. Bc3 f6 19. Nd4 e5 20. Nf5 Bc5
21. b4 Bd6 22. f3 Rfd8 23. a4 Bf8 24. Ne3 Kf7 25. Kf2 Ke6 26. Ke2 g6 27. Nc4
Bxb4 28. Bxb4 Ba6 29. Red1 Bxc4+ 30. Ke1 a5 31. Rxd7 Rxd7 32. Bc3 Ba6 33. Bd2
Bf1 34. Be3 Ba6 35. Ra3 Bb7 36. c4 c5 37. Rb3 Ba6 38. Rxb6+ Rd6 39. Bxc5 Rxb6
1/2-1/2

[Event "3. Lovsprings EMT Mesterklassen 1991"]
[Site "Ringsted"]
[Date "1991.04.12"]
[Round "2"]
[White "Andreasen, Jens"]
[Black "Christensen, Lars (1957)"]
[Result "0-1"]
[WhiteElo "2003"]
[BlackElo "2084"]
[PlyCount "121"]
[EventDate "1991.??.??"]

1. f4 e5 2. fxe5 Nc6 3. Nf3 d6 4. e4 dxe5 5. Bb5 Bd7 6. d3 f6 7. Be3 Nd4 8.
Nxd4 exd4 9. Bxd4 c6 10. Bc4 Bg4 11. Qxg4 Qxd4 12. Nc3 Nh6 13. Qe6+ Kd8 14.
O-O-O Ba3 15. bxa3 Re8 16. Qh3 Qxc3 17. Qg3 Qxa3+ 18. Kd2 Qb4+ 19. Kc1 Re7 20.
Rhf1 b5 21. Bb3 a5 22. e5 f5 23. Rf4 Qc3 24. a4 Qxe5 25. d4 Qf6 26. Rff1 Nf7
27. Rfe1 Qg5+ 28. Qxg5 Nxg5 29. Rxe7 Kxe7 30. Re1+ Kd6 31. c4 bxc4 32. Bxc4 Rb8
33. Re5 Rb4 34. Ba6 g6 35. Rxa5 Rxd4 36. Kc2 Ne4 37. Bc8 Kc7 38. Be6 Nd6 39.
Ra8 Re4 40. Bg8 Kb7 41. Ra5 Re7 42. Rc5 Ne4 43. Rc4 Nf6 44. Rb4+ Ka6 45. Bc4+
Ka5 46. Rb8 Kxa4 47. Kc3 Ne4+ 48. Kd4 c5+ 49. Kd5 Rd7+ 50. Ke5 Nc3 51. h3 Rd4
52. Bg8 Rh4 53. Rb7 Re4+ 54. Kf6 Re2 55. Bxh7 Ne4+ 56. Kxg6 Rxg2+ 57. Kh6 Ng3
58. Rf7 Rf2 59. Kg5 c4 60. Kh4 Rf3 61. Rc7 0-1

[Event "3. Lovsprings EMT Mesterklassen 1991"]
[Site "Ringsted"]
[Date "1991.04.12"]
[Round "2"]
[White "Madsen, Hans Henrik"]
[Black "Christensen, John"]
[Result "1-0"]
[WhiteElo "2170"]
[BlackElo "2054"]
[PlyCount "71"]
[EventDate "1991.??.??"]

1. d4 Nf6 2. Bg5 d5 3. Bxf6 exf6 4. e3 Bd6 5. c4 c6 6. cxd5 Bb4+ 7. Nc3 Qxd5 8.
a3 Bxc3+ 9. bxc3 O-O 10. Ne2 Na6 11. Qa4 Nc7 12. Nf4 Qg5 13. h4 Qh6 14. g3 g5
15. Ne2 Bg4 16. Bg2 Qg6 17. f3 Qd3 18. fxg4 Qxe3 19. Qc2 Rae8 20. hxg5 f5 21.
Kf1 f6 22. gxf5 Qxg5 23. Rb1 Nb5 24. Bf3 Re3 25. Kg2 Rxf3 26. Kxf3 Re8 27. Nf4
h5 28. Qb3+ Kg7 29. Ne6+ Rxe6 30. Qxe6 Qg4+ 31. Kf2 Qg5 32. Rb2 Nxc3 33. Rxb7+
Kh6 34. Qe3 Ne4+ 35. Qxe4 Qd2+ 36. Kf3 1-0

[Event "3. Lovsprings EMT Mesterklassen 1991"]
[Site "Ringsted"]
[Date "1991.04.12"]
[Round "2"]
[White "Frederiksen, Obert"]
[Black "Madsen, Morten"]
[Result "1-0"]
[WhiteElo "1996"]
[BlackElo "1850"]
[PlyCount "45"]
[EventDate "1991.??.??"]

1. d4 d5 2. c4 e5 3. dxe5 d4 4. Nf3 Nc6 5. Nbd2 Bg4 6. g3 Bb4 7. a3 Bxd2+ 8.
Bxd2 Bxf3 9. exf3 Nxe5 10. f4 Nc6 11. Qe2+ Nge7 12. Bg2 O-O 13. Qd3 Re8 14. O-O
Qd7 15. b4 a6 16. Rad1 Rad8 17. a4 Nb8 18. b5 c5 19. Ba5 Rc8 20. Qf3 Qe6 21.
Qxb7 Qxc4 22. Rde1 Ng6 23. Bd5 1-0

[Event "3. Lovsprings EMT Mesterklassen 1991"]
[Site "Ringsted"]
[Date "1991.04.12"]
[Round "2"]
[White "Elgaard, Brian"]
[Black "Jorgensen, Brian"]
[Result "1-0"]
[WhiteElo "2051"]
[BlackElo "2240"]
[PlyCount "71"]
[EventDate "1991.??.??"]

1. d3 g6 2. g3 Bg7 3. Bg2 d6 4. e4 Bd7 5. Ne2 Qc8 6. O-O Bh3 7. Nf4 Bxg2 8.
Nxg2 Nc6 9. Nd2 Qd7 10. a4 h5 11. f4 h4 12. Nxh4 Bf6 13. Ndf3 Qg4 14. Kh1 O-O-O
15. Ng5 Qxd1 16. Rxd1 Bxg5 17. fxg5 d5 18. exd5 Rxd5 19. Rf1 Nd8 20. Be3 e6 21.
Rae1 Ne7 22. Bd2 Kd7 23. Bc3 Rf8 24. Nf3 Ndc6 25. g4 Nc8 26. h4 Nd6 27. Kg2 Rg8
28. Ne5+ Nxe5 29. Rxe5 Rxe5 30. Bxe5 Ke7 31. Kg3 a6 32. Kf4 Ne8 33. Ke3 Nd6 34.
h5 gxh5 35. gxh5 Nf5+ 36. Rxf5 1-0

[Event "3. Lovsprings EMT Mesterklassen 1991"]
[Site "Ringsted"]
[Date "1991.04.12"]
[Round "2"]
[White "Bruun, Erling"]
[Black "Jensen, Leif"]
[Result "0-1"]
[WhiteElo "1900"]
[BlackElo "2073"]
[PlyCount "100"]
[EventDate "1991.??.??"]

1. e4 e6 2. d4 d5 3. e5 c5 4. c3 Nc6 5. Nf3 Bd7 6. a3 Qb6 7. b4 cxb4 8. cxb4 a6
9. Nc3 Na7 10. Na4 Bxa4 11. Qxa4+ Qc6 12. Qxc6+ Nxc6 13. Bd2 f6 14. Bd3 Nge7
15. O-O Ng6 16. Rfe1 Kd7 17. h4 Be7 18. h5 Nf8 19. g4 g6 20. Kh1 Ke8 21. exf6
Bxf6 22. Bc3 Kf7 23. Re3 Nd7 24. Rae1 Rhe8 25. a4 Nb6 26. b5 axb5 27. axb5 Na5
28. Ne5+ Bxe5 29. dxe5 Kg7 30. Rf3 Nd7 31. Rf4 Nb3 32. Re3 Rf8 33. Ref3 Rxf4
34. Rxf4 Nbc5 35. Bc2 Ra2 36. Bb1 Re2 37. Bd4 Re1+ 38. Kg2 Rxb1 39. Kf3 g5 40.
Rf6 Nxf6 41. exf6+ Kf7 42. Bxc5 Rb3+ 43. Ke2 Rxb5 44. Bd4 Rb3 45. f3 b5 46. Be5
b4 47. Bd4 Rc3 48. Be5 Rc2+ 49. Ke3 b3 50. Kd3 Rg2 0-1

[Event "3. Lovsprings EMT Mesterklassen 1991"]
[Site "Ringsted"]
[Date "1991.04.19"]
[Round "3"]
[White "Christensen, Lars (1957)"]
[Black "Frederiksen, Henrik"]
[Result "1-0"]
[WhiteElo "2084"]
[BlackElo "2117"]
[PlyCount "56"]
[EventDate "1991.??.??"]

1. e4 c5 2. Nf3 d5 3. exd5 Qxd5 4. d4 Nc6 5. c3 e6 6. Be3 cxd4 7. Nxd4 Bd7 8.
Nd2 Nxd4 9. Bxd4 Bc6 10. Qb3 Qh5 11. Be2 Qf5 12. Bf3 Bxf3 13. Nxf3 Qe4+ 14. Be3
Ne7 15. O-O-O Nc6 16. Qxb7 Ba3 17. Qxa8+ Ke7 18. Bg5+ f6 19. Qb7+ Ke8 20. Rhe1
Qc4 21. Rxe6+ Qxe6 22. Re1 Ne5 23. Nxe5 fxe5 24. bxa3 Rf8 25. Qb8+ Kf7 26. Qb3
h6 27. Be3 Re8 28. Qxe6+ Rxe6 1-0

[Event "3. Lovsprings EMT Mesterklassen 1991"]
[Site "Ringsted"]
[Date "1991.04.19"]
[Round "3"]
[White "Madsen, Hans Henrik"]
[Black "Sivertsen, Palle"]
[Result "1/2-1/2"]
[WhiteElo "2170"]
[BlackElo "2109"]
[PlyCount "56"]
[EventDate "1991.??.??"]

1. d4 Nf6 2. Bg5 g6 3. Bxf6 exf6 4. e3 Bg7 5. g3 O-O 6. Bg2 d6 7. Ne2 f5 8. O-O
Nd7 9. Nd2 Nf6 10. c4 Re8 11. Nc3 c6 12. b4 Be6 13. Rb1 d5 14. cxd5 Nxd5 15.
Nxd5 Bxd5 16. Bxd5 Qxd5 17. Qb3 Red8 18. Qxd5 Rxd5 19. Nc4 Rad8 20. Rb3 Kf8 21.
Ra3 a6 22. Rb3 g5 23. f4 g4 24. Rc1 Ke7 25. a4 Ke6 26. Nb6 R5d6 27. Nc4 R6d7
28. Nb6 Rd6 1/2-1/2

[Event "3. Lovsprings EMT Mesterklassen 1991"]
[Site "Ringsted"]
[Date "1991.04.19"]
[Round "3"]
[White "Christensen, John"]
[Black "Andreasen, Jens"]
[Result "1-0"]
[WhiteElo "2054"]
[BlackElo "2003"]
[PlyCount "87"]
[EventDate "1991.??.??"]

1. Nf3 d6 2. d4 f5 3. c3 Nf6 4. Nbd2 e6 5. g3 Be7 6. Bg2 O-O 7. Qc2 d5 8. Ne5
c6 9. Ndf3 Ne4 10. h4 Nd7 11. Bf4 a5 12. Nxd7 Bxd7 13. Ne5 Rc8 14. Bxe4 fxe4
15. Bg5 c5 16. Bxe7 Qxe7 17. Qd2 Bb5 18. O-O cxd4 19. cxd4 Qb4 20. Rfd1 Qa4 21.
b3 Qb4 22. Qxb4 axb4 23. Rd2 Rc3 24. e3 Rfc8 25. Kg2 Rc2 26. Rxc2 Rxc2 27. a3
bxa3 28. Rxa3 g6 29. Ra5 Be2 30. Ra7 Rc7 31. Ra2 Ba6 32. g4 Rc3 33. Rb2 Bb5 34.
g5 Kf8 35. Kg3 Ke7 36. Ng4 Bd3 37. Kf4 b5 38. b4 Rc8 39. Ra2 Rf8+ 40. Nf6 Kd6
41. Ra6+ Ke7 42. Ke5 Rd8 43. Ra7+ Kf8 44. Nxh7+ 1-0

[Event "3. Lovsprings EMT Mesterklassen 1991"]
[Site "Ringsted"]
[Date "1991.04.19"]
[Round "3"]
[White "Frederiksen, Obert"]
[Black "Nielsen, Max"]
[Result "1/2-1/2"]
[WhiteElo "1996"]
[BlackElo "2009"]
[PlyCount "38"]
[EventDate "1991.??.??"]

1. d4 Nf6 2. Nf3 g6 3. b3 Bg7 4. Bb2 O-O 5. e3 d5 6. Be2 Bf5 7. O-O Nbd7 8.
Nbd2 c6 9. Nh4 Qc7 10. Nxf5 gxf5 11. f4 Ne4 12. Nxe4 fxe4 13. c4 f5 14. Ba3 Bf6
15. Qe1 Kh8 16. Rc1 Qd8 17. cxd5 cxd5 18. Qb4 Nb6 19. Bh5 Qd7 1/2-1/2

[Event "3. Lovsprings EMT Mesterklassen 1991"]
[Site "Ringsted"]
[Date "1991.04.19"]
[Round "3"]
[White "Jensen, Leif"]
[Black "Elgaard, Brian"]
[Result "1/2-1/2"]
[WhiteElo "2073"]
[BlackElo "2051"]
[PlyCount "39"]
[EventDate "1991.??.??"]

1. e4 c5 2. g3 Nc6 3. Bg2 g6 4. d3 Bg7 5. c3 d6 6. f4 e5 7. Nf3 Nge7 8. O-O O-O
9. Be3 Rb8 10. fxe5 Nxe5 11. Nxe5 Bxe5 12. Nd2 Nc6 13. Nf3 Bg7 14. Qd2 b5 15.
a3 Bb7 16. Rad1 Qe7 17. Bh6 Ne5 18. Bxg7 Kxg7 19. Qc2 Rbc8 20. Qe2 1/2-1/2

[Event "3. Lovsprings EMT Mesterklassen 1991"]
[Site "Ringsted"]
[Date "1991.04.19"]
[Round "3"]
[White "Bruun, Erling"]
[Black "Jorgensen, Brian"]
[Result "1-0"]
[WhiteElo "1900"]
[BlackElo "2240"]
[PlyCount "91"]
[EventDate "1991.??.??"]

1. e4 c5 2. Nf3 Nc6 3. d4 cxd4 4. Nxd4 Nf6 5. Nc3 e5 6. Ndb5 d6 7. Bg5 a6 8.
Bxf6 gxf6 9. Na3 f5 10. exf5 Bxf5 11. Nd5 Bg7 12. c3 O-O 13. Nc4 Be6 14. Ncb6
Rb8 15. Bc4 Kh8 16. Qh5 f5 17. O-O Bf7 18. Qh3 e4 19. f4 exf3 20. Rxf3 Ne5 21.
Rf4 Be6 22. Rh4 Nxc4 23. Rxc4 Qg5 24. Rh4 h6 25. Nc7 Bxa2 26. Nd7 Rfe8 27. Nxb8
Re3 28. g3 Re2 29. Rf4 Qe7 30. Qf1 Bb3 31. Rxf5 Bc4 32. Rf4 Qxc7 33. Rf8+ Bxf8
34. Qxf8+ Kh7 35. Qf5+ Kg7 36. Nd7 Bf7 37. Qg4+ Kh8 38. Qxe2 Qxd7 39. Re1 Qc6
40. Qe3 d5 41. Qd4+ Kg8 42. Qg4+ Kf8 43. Re3 Qc5 44. Qd4 Qd6 45. Qh8+ Bg8 46.
Rf3+ 1-0

[Event "3. Lovsprings EMT Mesterklassen 1991"]
[Site "Ringsted"]
[Date "1991.04.19"]
[Round "3"]
[White "Pedersen, Hans Dahl"]
[Black "Arnkilde, Anders"]
[Result "1-0"]
[WhiteElo "2180"]
[BlackElo "2026"]
[PlyCount "49"]
[EventDate "1991.??.??"]

1. Nf3 Nf6 2. d4 e6 3. Bf4 b6 4. e3 Bb7 5. Nbd2 Bd6 6. Ne5 Be7 7. Bd3 d6 8.
Nef3 Nd5 9. Bg3 f5 10. e4 f4 11. exd5 fxg3 12. hxg3 Bxd5 13. c4 Bb7 14. Qe2 Qd7
15. Rxh7 Rxh7 16. Bxh7 Na6 17. Bg6+ Kd8 18. Kf1 c6 19. Re1 Bc8 20. Ne4 Bf6 21.
Neg5 Nc7 22. Nf7+ Ke7 23. Nh4 Bxd4 24. Nf5+ Kf6 25. Qh5 1-0

[Event "3. Lovsprings EMT Mesterklassen 1991"]
[Site "Ringsted"]
[Date "1991.05.03"]
[Round "4"]
[White "Sivertsen, Palle"]
[Black "Christensen, Lars (1957)"]
[Result "1-0"]
[WhiteElo "2109"]
[BlackElo "2084"]
[PlyCount "58"]
[EventDate "1991.??.??"]

1. e4 c5 2. f4 d5 3. Nc3 d4 4. Nce2 e5 5. Nf3 Nc6 6. fxe5 Bg4 7. Nf4 Nxe5 8.
Bb5+ Nc6 9. O-O Qb6 10. Nd5 Qa5 11. h3 O-O-O 12. Bxc6 bxc6 13. Nf4 Bxf3 14.
Qxf3 Qc7 15. Nd3 Nh6 16. b3 Bd6 17. Nb2 f5 18. d3 fxe4 19. Qxe4 Rde8 20. Qh4
Bg3 21. Qh5 Re5 22. Qf3 Rf5 23. Qe2 Re5 24. Qf3 Rf5 25. Qe2 Bh2+ 26. Kh1 g5 27.
Rxf5 Nxf5 28. Qe6+ Kb7 29. Qxf5 Re8 1-0

[Event "3. Lovsprings EMT Mesterklassen 1991"]
[Site "Ringsted"]
[Date "1991.05.03"]
[Round "4"]
[White "Frederiksen, Henrik"]
[Black "Madsen, Hans Henrik"]
[Result "0-1"]
[WhiteElo "2117"]
[BlackElo "2170"]
[PlyCount "96"]
[EventDate "1991.??.??"]

1. Nf3 d6 2. g3 e5 3. d3 g6 4. Bg2 Bg7 5. c4 Ne7 6. Nc3 O-O 7. O-O Nbc6 8. Bd2
f5 9. Qc1 Bd7 10. Bh6 f4 11. Bxg7 Kxg7 12. Nd5 Nxd5 13. cxd5 Ne7 14. Qc4 c6 15.
dxc6 bxc6 16. Nd2 Qb6 17. Nb3 a5 18. Rab1 Bg4 19. Qc2 a4 20. Nd2 fxg3 21. hxg3
Nf5 22. Nc4 Qc5 23. e3 d5 24. b4 axb3 25. Rxb3 dxc4 26. Rb7+ Rf7 27. Qb2 Nd6
28. Rxf7+ Nxf7 29. Rc1 Be6 30. d4 Qa3 31. Qd2 Qxa2 32. Qe1 Ra6 33. dxe5 Qb2 34.
Rb1 Qxe5 35. f4 Qc5 36. Qc3+ Kh6 37. g4 Bxg4 38. Kf2 Ra3 39. Rh1+ Bh5 40. Qc1
Ra2+ 41. Kg3 Nd6 42. Rh3 Nf5+ 43. Kh2 Qd5 44. Qf1 Qd2 45. e4 Ne3 46. Qf3 Qxg2+
47. Qxg2 Nxg2 48. Rc3 Nxf4+ 0-1

[Event "3. Lovsprings EMT Mesterklassen 1991"]
[Site "Ringsted"]
[Date "1991.05.03"]
[Round "4"]
[White "Nielsen, Max"]
[Black "Elgaard, Brian"]
[Result "1/2-1/2"]
[WhiteElo "2009"]
[BlackElo "2051"]
[PlyCount "62"]
[EventDate "1991.??.??"]

1. c4 g6 2. Nc3 Bg7 3. e4 d6 4. d4 Nf6 5. f3 O-O 6. Be3 Nc6 7. Nge2 a6 8. Qd2
Rb8 9. g4 b5 10. h4 h5 11. gxh5 Nxh5 12. O-O-O Na5 13. Nf4 Ng3 14. Bd3 Nxh1 15.
Rxh1 e5 16. Nfe2 bxc4 17. Bb1 c5 18. dxc5 dxc5 19. Nd5 Nc6 20. Bxc5 Be6 21.
Nec3 Re8 22. h5 Nd4 23. hxg6 fxg6 24. Qg2 Bf7 25. f4 Bxd5 26. Nxd5 Rb5 27. Qxg6
Rxc5 28. Rh7 Ne2+ 29. Kd2 Rxd5+ 30. exd5 Qxd5+ 31. Ke1 Qa5+ 1/2-1/2

[Event "3. Lovsprings EMT Mesterklassen 1991"]
[Site "Ringsted"]
[Date "1991.05.03"]
[Round "4"]
[White "Frederiksen, Obert"]
[Black "Hald, Jens Erik"]
[Result "0-1"]
[WhiteElo "1996"]
[BlackElo "2140"]
[PlyCount "84"]
[EventDate "1991.??.??"]

1. d4 g6 2. e4 Bg7 3. Nf3 d6 4. Be2 Nd7 5. c4 e5 6. Nc3 Ngf6 7. Bg5 h6 8. Bh4
O-O 9. O-O g5 10. Bg3 Nh5 11. d5 Nf4 12. Nd2 Nf6 13. f3 h5 14. b4 a5 15. bxa5
Rxa5 16. Nb3 Ra8 17. a4 h4 18. Bf2 N6h5 19. c5 Nxe2+ 20. Nxe2 Nf4 21. g4 hxg3
22. Nxg3 Qf6 23. cxd6 cxd6 24. Bb6 Bh3 25. Rf2 Bd7 26. Rfa2 Rfc8 27. Nd2 Rc3
28. Rc2 Rac8 29. Rxc3 Rxc3 30. Ba5 Re3 31. Qc2 Nh3+ 32. Kg2 Qh6 33. Rf1 Nf4+
34. Kh1 Qh3 35. Rg1 Ra3 36. Bb6 Ra1 37. Nb1 Rxa4 38. Nc3 Ra6 39. Bd8 g4 40.
fxg4 Bxg4 41. Qf2 Ra3 42. Qe3 b5 0-1

[Event "3. Lovsprings EMT Mesterklassen 1991"]
[Site "Ringsted"]
[Date "1991.05.03"]
[Round "4"]
[White "Andreasen, Jens"]
[Black "Bruun, Erling"]
[Result "1-0"]
[WhiteElo "2003"]
[BlackElo "1900"]
[PlyCount "63"]
[EventDate "1991.??.??"]

1. d4 g6 2. g3 Nf6 3. Bg2 Bg7 4. Nf3 d6 5. O-O O-O 6. c4 c5 7. Nc3 Nc6 8. h3
cxd4 9. Nxd4 Bd7 10. Be3 Qc8 11. Rc1 Nxd4 12. Bxd4 Bc6 13. e4 Rd8 14. Kh2 b6
15. b4 Bh6 16. Rc2 Qb7 17. Bxf6 exf6 18. b5 Bd7 19. e5 Qb8 20. Bxa8 Qxa8 21.
exf6 Bf5 22. Re2 Qc8 23. Nd5 Qxc4 24. Ne7+ Kf8 25. Nxf5 gxf5 26. Rfe1 f4 27.
Re8+ Rxe8 28. Qxd6+ Re7 29. fxe7+ Kg7 30. e8=Q fxg3+ 31. Qxg3+ Kf6 32. Qee5#
1-0

[Event "3. Lovsprings EMT Mesterklassen 1991"]
[Site "Ringsted"]
[Date "1991.05.03"]
[Round "4"]
[White "Jorgensen, Brian"]
[Black "Madsen, Morten"]
[Result "1-0"]
[WhiteElo "2240"]
[BlackElo "1850"]
[PlyCount "123"]
[EventDate "1991.??.??"]

1. c4 c5 2. Nc3 d6 3. g3 g6 4. Bg2 Bg7 5. Nf3 Nf6 6. O-O Nc6 7. d3 Bd7 8. Rb1
O-O 9. a3 Qc8 10. b4 Bh3 11. bxc5 Bxg2 12. Kxg2 Nd7 13. Bb2 dxc5 14. Qb3 Nd4
15. Nxd4 cxd4 16. Nd5 Re8 17. a4 Nc5 18. Qb5 e6 19. Nf4 a6 20. Qb4 Qc6+ 21. Kg1
Nxa4 22. Ba1 Rab8 23. Ng2 Nc3 24. Bxc3 dxc3 25. Ne3 b5 26. c5 Red8 27. Nc2 a5
28. Qxa5 Qxc5 29. Rb4 Ra8 30. Qxb5 Qxb5 31. Rxb5 Ra2 32. Rc1 Rb2 33. Rc5 Bh6
34. f4 Bg7 35. Rc4 Rdb8 36. d4 Rb1 37. Rxb1 Rxb1+ 38. Kf2 Rb3 39. Rc8+ Bf8 40.
Ke3 Kg7 41. Kd3 Rb1 42. Rxc3 Rh1 43. h4 Rg1 44. Kc4 Kf6 45. e4 Rb1 46. Ne3 Kg7
47. d5 Rb7 48. Rb3 Rc7+ 49. Kd3 Rd7 50. Rb5 Rd8 51. Nc4 f5 52. Rb7+ Kg8 53. Rb5
fxe4+ 54. Kxe4 exd5+ 55. Rxd5 Rxd5 56. Kxd5 Bb4 57. Nd6 Kg7 58. Ne4 Kh6 59. Ke6
Be1 60. Kf7 Bb4 61. g4 Be1 62. Nf6 1-0

[Event "3. Lovsprings EMT Mesterklassen 1991"]
[Site "Ringsted"]
[Date "1991.05.17"]
[Round "5"]
[White "Madsen, Hans Henrik"]
[Black "Christensen, Lars (1957)"]
[Result "1-0"]
[WhiteElo "2170"]
[BlackElo "2084"]
[PlyCount "83"]
[EventDate "1991.??.??"]

1. g3 e5 2. Nf3 e4 3. Nd4 c5 4. Nb3 Nc6 5. d3 exd3 6. cxd3 d5 7. Bg2 Be6 8. O-O
Rc8 9. Nc3 Be7 10. d4 c4 11. Nc5 Bxc5 12. dxc5 Nge7 13. e4 d4 14. Nb5 O-O 15.
Nd6 Rb8 16. f4 f5 17. exf5 Nxf5 18. Qe2 Qd7 19. Nxc4 d3 20. Qe4 Rbe8 21. Rd1
Qd4+ 22. Qxd4 Nfxd4 23. b3 Nb4 24. Ne5 Ndc2 25. Rb1 Nxa2 26. Bd2 Nd4 27. Rb2
Bxb3 28. Rxb3 Nxb3 29. Bd5+ Kh8 30. Bxb3 Rc8 31. Bxa2 Rc7 32. Be3 Rb8 33. Rxd3
h6 34. Ng6+ Kh7 35. Bb1 Kg8 36. f5 b5 37. Bf4 Rxc5 38. Ba2+ Kh7 39. Bxb8 Rc1+
40. Kf2 Rc2+ 41. Kf3 Rxa2 42. Rd7 1-0